| 000 | 00917nac a22002411u 4500 | ||
|---|---|---|---|
| 010 | _a 008738150 | ||
| 020 | _a0292703333 | ||
| 082 |
_a330.1220962 _bGRA |
||
| 090 |
_c8810 _d8810 |
||
| 100 | _aGran, Peter, | ||
| 245 |
_aIslamic roots of capitalism : Egypt, 1760-1840 / _cby Peter Gran ; foreword by Afaf Lutfi Al-Sayyid Marsot. |
||
| 260 |
_aAustin ; London : _bUniversity of Texas Press, c1979. _cc1979. |
||
| 300 |
_axvii,278p. ; _b24cm. |
||
| 490 |
_a( Modern Middle East series ; ) _vno.4 |
||
| 500 | _aDistributer: Baccah. | ||
| 504 | _aBibliography: p257-270. _ Includes index. | ||
| 511 | _aCatalogued By: Mahitab. | ||
| 650 | _aCapitalism -- History. | ||
| 650 | _aEgypt -- History -- 1517-1882. | ||
| 650 | _aEgypt -- Economic conditions -- 1517-1882. | ||
| 650 | _aEgypt Capitalism 1760-1840 Socioeconomic aspects | ||
| 942 |
_cBB _k330.1220962 GRA |
||
| 999 |
_c8810 _d8810 |
||